Russell Group Universities - Statistics

General Stats
  • This quiz has been taken 2,184 times
    1,846 since last reset
  • The average score is 18 of 24
Answer Stats
University % Correct
Cambridge
96%
Oxford
96%
Manchester
91%
University College London
91%
Edinburgh
90%
Birmingham
83%
Bristol
83%
Liverpool
82%
Glasgow
81%
Leeds
80%
Cardiff
78%
Durham
77%
Newcastle
77%
Nottingham
73%
Exeter
72%
King's College London
70%
York
70%
London School of Economics
68%
Southampton
67%
Sheffield
66%
Warwick
62%
Queens's University Belfast
61%
Imperial College London
56%
Queen Mary University of London
42%
No matching quizzes found
Score Distribution
Percent of People with Each Score
Percentile by Number Answered
Your Score History
You have not taken this quiz since the last reset